Argentina indígena y prehistoria americana /
Guardado en:
| Autor Principal: | |
|---|---|
| Formato: | Libro |
| Publicado: |
Argentina :
Tipografica Editora Argentina,
1967
|
| Materias: | |
| Etiquetas: |
Agregar Etiqueta
Sin Etiquetas, Sea el primero en etiquetar este registro!
|
| LEADER | 00769nam a22002175a 4500 | ||
|---|---|---|---|
| 001 | CEM.cems003349 | ||
| 005 | 19000101000000.0 | ||
| 008 | 130507s1967##################000#0#####d | ||
| 003 | CEMS | ||
| 082 | 0 | 4 | |a 572.982 |
| 100 | 1 | |a Ibarra Grasso, Dick E. | |
| 245 | 1 | 0 | |a Argentina indígena y prehistoria americana / |c Dick E. Ibarra Grasso |
| 260 | |a Argentina : |b Tipografica Editora Argentina, |c 1967 | ||
| 300 | |a 685 p. | ||
| 505 | 0 | |a Origen de las poblaciones indigenas americanas. Los pueblos de las llanuras. Los pueblos andinos y andinizados. | |
| 653 | |a Amerindios | ||
| 653 | |a Antropologia | ||
| 653 | |a Culturas mesoliticas | ||
| 653 | |a Culturas precolombinas | ||
| 653 | |a Escritura indigena americana | ||
| 859 | |a CEMS |b BIB. CEMS - 11 de abril |h 572.982 |i Ib1 |p 2711.74 |t Ej.1 | ||
